Animals Able to Recognize Their Reflection – Sudden Death - Statistics

General Stats
  • This quiz has been taken 32 times
  • The average score is 3 of 9
Answers on the Grid
Answers color-coded by a green-red scale on the quiz's grid according to % correct below.
Dolphins
Magpies
Chimpanzees
Gorillas
Humans
Dogs
Elephants
Frogs
Jellyfish
Hamsters
Axolotls
Rats
Bees
Cheetahs
Lemurs
Orcas
Geese
Bats
Spiders
Octopuses
Crows
Camels
Platypuses
Cats
Orangutans
Capuchins
Lizards
Sharks
Sparrows
Seals
Capybaras
Giraffes
 
Answer Stats
Answer % Correct
Humans
55%
Chimpanzees
41%
Dolphins
36%
Orangutans
36%
Gorillas
32%
Crows
23%
Elephants
18%
Magpies
18%
Orcas
9%
No matching quizzes found
Score Distribution
Percent of People with Each Score
Percentile by Number Answered
Your Score History
You have not taken this quiz